Catálogo público

Nuevas trampas y atrayentes para el monitoreo de la mosca de la fruta Anastrepha ludens en cítricos / (Record no. 208013)

MARC details
000 -CABECERA
campo de control de longitud fija 01011nam a2200289Ia 4500
001 - NÚMERO DE CONTROL
campo de control Para_9275
003 - IDENTIFICADOR DEL NÚMERO DE CONTROL
campo de control CHAP
008 - DATOS DE LONGITUD FIJA--INFORMACIÓN GENERAL
campo de control de longitud fija 220125s2005 xx 000 0 und d
010 ## - NÚMERO DE CONTROL DE LA BIBLIOTECA DEL CONGRESO
Número de control de LC 208013
040 ## - FUENTE DE LA CATALOGACIÓN
Centro/agencia transcriptor CHAP
090 ## - LOCALMENTE ASIGNADO TIPO-LC NÚMERO DE CLASIFICACIÓN (OCLC); NÚMERO DE CLASIFICACIÓN LOCAL (RLIN)
Número de clasificación (OCLC) (R) ; Numero de clasificación, CALL (RLIN) (NR) FOLLETO 3523
100 ## - ENTRADA PRINCIPAL--NOMBRE DE PERSONA
Nombre de persona Loera Gallardo, Jesús
9 (RLIN) 67443
245 ## - MENCIÓN DE TÍTULO
Título Nuevas trampas y atrayentes para el monitoreo de la mosca de la fruta Anastrepha ludens en cítricos /
Mención de responsabilidad, etc. por Jesús Loera Gallardo y otros
260 ## - PUBLICACIÓN, DISTRIBUCIÓN, ETC.
Lugar de publicación, distribución, etc. Río Bravo, Tamaulipas, México :
Nombre del editor, distribuidor, etc. SAGARPA-INIFAP-CIRNE Campo Experimental Río Bravo
300 ## - DESCRIPCIÓN FÍSICA
Extensión c.a. 20 h. (fotocopias)
440 ## - MENCIÓN DE SERIE/PUNTO DE ACCESO ADICIONAL--TÍTULO
Título Folleto Técnico: 31
9 (RLIN) 169001
650 ## - PUNTO DE ACCESO ADICIONAL DE MATERIA--TÉRMINO DE MATERIA
Término de materia o nombre geográfico como elemento de entrada Mosca de la fruta
9 (RLIN) 78989
650 ## - PUNTO DE ACCESO ADICIONAL DE MATERIA--TÉRMINO DE MATERIA
Término de materia o nombre geográfico como elemento de entrada Trampas para insectos
9 (RLIN) 114609
700 ## - PUNTO DE ACCESO ADICIONAL--NOMBRE DE PERSONA
Nombre de persona Instituto Nacional de Investigaciones Forestales, Agrícolas y Pecuarias. México
9 (RLIN) 174449
901 ## - ELEMENTOS DE DATOS A LOCAL LDA (RLIN)
a FOLLETO 3523
902 ## - ELEMENTOS DE DATOS B LOCAL, LDB (RLIN)
a M
905 ## - ELEMENTOS DE DATOS E LOCAL, LDE (RLIN)
a 0000002005 a 0000000000 00
910 ## - DATOS DE OPCIÓN DEL USUARIO (OCLC)
Datos de opción del usuario 2005
942 ## - ELEMENTOS DE PUNTO DE ACCESO ADICIONAL (KOHA)
Tipo de ítem Koha Parasitologia_
942 ## - ELEMENTOS DE PUNTO DE ACCESO ADICIONAL (KOHA)
Tipo de ítem Koha Parasitologia_
-- 14
Holdings
Estado de retiro Estado de pérdida Fuente del sistema de clasificación o colocación Estado dañado No para préstamo Código de colección Localización permanente Ubicación/localización actual Ubicación en estantería Fecha de adquisición Información codificada de la localización en otra ubicación Total de préstamos Código de barras Fecha visto por última vez Número de copia Precio válido a partir de Tipo de ítem Koha Nota pública
    Clasificación Universidad Autónoma de Chapingo     Folletos Parasitologia Agricola Parasitologia Agricola   15/05/2007 PARA   PA_09082 25/01/2022 1 25/01/2022 Folleto 3